|
|
|
|
| LEADER |
00000nab a2200000 a 4500 |
| 001 |
vtls000636206 |
| 003 |
SK-MaSNL |
| 005 |
20260318114918.0 |
| 008 |
160401c1997 xo 0 hun |
| 015 |
|
|
|a SNBRB19rr/mm-uuuuu
|
| 035 |
|
|
|a CL0636345
|
| 040 |
|
|
|a SNKBUCL
|b slo
|c SNKBUCL
|e AACR2
|
| 041 |
0 |
|
|a hun
|
| 044 |
|
|
|a xo
|c SK
|
| 080 |
|
|
|a 373.3(437.655=945.11)
|2 1981
|
| 100 |
1 |
|
|a Kövesdi, Károly,
|d 1953-
|4 aut
|9 264403
|
| 245 |
1 |
0 |
|a Tanévkezdés fölösleges indulatokkal
|b Miért rossz a hangulat az ország egyik legnagyobb magyar alapiskolájában?
|c Károly Kövesdi
|
| 300 |
|
|
|b Fotogr. 4
|
| 650 |
0 |
7 |
|a Základná škola s vyučovacím jazykom maďarským, Tornaľa
|2 snkbucl
|9 972685
|
| 651 |
|
7 |
|a 5309
|2 snkbucl
|9 279317
|
| 655 |
|
7 |
|a články z novín a časopisov
|2 snkbucl
|9 267496
|
| 773 |
0 |
|
|t Vasárnap
|g Roč. 30, č. 36 (1997), s. 8-9
|
| 850 |
|
|
|a Slovenská národná knižnica v Martine
|a DSG001
|
| 852 |
|
|
|a SNK
|b KIS3GCP
|
| 958 |
|
|
|a HU
|
| 958 |
|
|
|a SK
|
| 958 |
|
|
|a NX
|
| 958 |
|
|
|a RK
|
| 958 |
|
|
|a RBX
|
| 999 |
|
|
|c 3293613
|d 3295543
|